NBA All-Time Rebound Leaders - Statistics

General Stats
  • This quiz has been taken 5,164 times
    1,103 since last reset
  • The average score is 16 of 30
Answer Stats
Rebounds Player % Correct
23,924 Wilt Chamberlain
97%
21,620 Bill Russell
89%
11,731 Lebron James
87%
13,099 Shaquille O'Neal
87%
13,748 Hakeem Olajuwon
85%
17,440 Kareem Abdul-Jabbar
84%
15,091 Tim Duncan
78%
11,954 Dennis Rodman
77%
14,968 Karl Malone
73%
16,212 Moses Malone
73%
14,627 Dwight Howard
68%
14,662 Kevin Garnett
63%
11,607 Patrick Ewing
63%
12,546 Charles Barkley
59%
11,489 Dirk Nowitzki
57%
14,715 Robert Parish
57%
12,359 Dikembe Mutombo
54%
16,279 Elvin Hayes
46%
11,305 Pau Gasol
45%
13,769 Wes Unseld
45%
12,849 Bob Pettit
43%
11,463 Elgin Baylor
34%
14,464 Nate Thurmond
31%
11,256 Dolph Schayes
22%
12,942 Jerry Lucas
19%
13,017 Buck Williams
18%
12,205 Charles Oakley
18%
14,241 Walt Bellamy
18%
11,901 Kevin Willis
15%
12,357 Paul Silas
8%
No matching quizzes found
Score Distribution
Percent of People with Each Score
Percentile by Number Answered
Your Score History
You have not taken this quiz since the last reset